000 00929nam a2200217Ii 4500
003 JO-AjNU
008 230605s9999||||xx |||||||||||||| ||und||
017 _a2006/1/487
040 _aJO-AjNU
_bara
_erda
_cJO-AjNU
041 _aara
050 1 4 _aLC3957.R87 2006
100 3 _aالروسان، فاروق,
_eauthor
_941957
245 0 0 _aDictionary of special education : mental retardation = قاموس مصطلحات في التربية الخاصة : الإعاقة العقلية
250 _aالطبعة الأولى
264 3 1 _aعمان: دار الفكر ، 2006
300 _a124ص
336 _atext
_btxt
_2rdacontent
337 _aunmediated
_bn
_2rdamedia
338 _avolume
_bnc
_2rdacarrier
650 4 _aتخلف عقلي -- معاجم -- تربية خاصة -- معاجم -- تربية خاصة -- معاجم -- لغة عربية -- تربية خاصة -- معاجم -- لغة إنجليزية
_941958
999 _aA17930
_c21498
_d21498